00473 a2200169 450000100060000002000150000604000220002110000320004324000280007524500230010330000070012636200090013365000230014294200070016595201140017299900170028661435 a8576830574 cAnchieta - Pituba aGasparini, María Victoria10aFérias mágicaslpor10aFérias mágicas a590 a2006 4aLiteratura juvenil cBK 00104070a91.1b91.1d2023-11-21l0oLJ 028.5 G249f GAS FERp13467/PITr2023-11-21 18:29:36w2023-11-21yBK c61435d61435